| 000 | 00690nam a2200145Ia 4500 | ||
|---|---|---|---|
| 008 | 171212s9999 xx 000 0 und d | ||
| 020 | _a9780874217131 | ||
| 100 | _aStenhouse, Fanny | ||
| 245 |
_cStenhouse, Fannyeditor DeSimone, Linda _aExposé of Polygamy _bA Lady's Life Among the Mormons |
||
| 260 |
_bUniversity Press of Colorado _c2008 |
||
| 440 | _aLife Writings of Frontier Women | ||
| 650 | _aHistory | ||
| 650 | _aMormon Church -- Controversial literature; Church of Jesus Christ of Latter-day Saints -- Doctrines; Mormon Church -- Doctrines; Polygamy -- Religious aspects -- Mormon Church; Stenhouse, T. B. H., Mrs., b. 1829 | ||
| 856 | _uwww.jstor.org/stable/10.2307/j.ctt4cgrcf | ||
| 999 |
_c353061 _d353061 |
||